| 000 | 00501nam a22001697a 4500 | ||
|---|---|---|---|
| 003 | NUST | ||
| 005 | 20220818120931.0 | ||
| 008 | 220818b ||||| |||| 00| 0 eng d | ||
| 020 | _a9781604139365 | ||
| 038 | _aAzhar | ||
| 082 |
_a305.40973 _bSTE |
||
| 100 |
_aStearman, Kaye; Coster, Patience _997977 |
||
| 245 |
_aWomen of today : contemporary issues and conflicts, 1980-present _cKaye Stearman, Coster, Patience |
||
| 260 |
_aNew York _bChelsea House, _c2011 |
||
| 300 | _a64p | ||
| 942 |
_2ddc _cLC |
||
| 999 |
_c591209 _d591209 |
||